|
|
|
|
| LEADER |
00000nam0a2200000 4500 |
| 001 |
34552 |
| 005 |
20231030225748.0 |
| 035 |
|
|
|a (RuTPU)RU\TPU\book\34953
|
| 035 |
|
|
|a BOOK00001604
|
| 090 |
|
|
|a 34552
|
| 100 |
|
|
|a 20011210d1984 km y0rusy50 ca
|
| 101 |
0 |
|
|a rus
|
| 102 |
|
|
|a RU
|
| 105 |
|
|
|a y g 000zy
|
| 200 |
1 |
|
|a Физические свойства горных пород и полезных ископаемых: Петрофизика
|e справочник
|f под ред. Н. Б. Дортман
|
| 210 |
|
|
|a Москва
|c Недра
|d 1984
|
| 215 |
|
|
|a 455 с.
|
| 610 |
1 |
|
|a горные породы
|
| 610 |
1 |
|
|a полезные ископаемые
|
| 610 |
1 |
|
|a физические свойства
|
| 610 |
1 |
|
|a механические свойства
|
| 610 |
1 |
|
|a петрофизические исследования
|
| 610 |
1 |
|
|a методы
|
| 610 |
1 |
|
|a химические элементы
|
| 610 |
1 |
|
|a нефть
|
| 610 |
1 |
|
|a газ
|
| 610 |
1 |
|
|a справочники
|
| 610 |
1 |
|
|a петрофизика
|
| 675 |
|
|
|a 552.08(035)
|v 3
|
| 675 |
|
|
|a 553(035)
|v 3
|
| 702 |
|
1 |
|a Дортман
|b Н. Б.
|g Нина Борисовна
|4 340
|
| 801 |
|
0 |
|a RU
|b 63413507
|c 20011210
|g PSBO
|
| 801 |
|
2 |
|a RU
|b 63413507
|c 20200904
|g PSBO
|
| 900 |
|
|
|a Петрофизика
|
| 942 |
|
|
|c BK
|